[Event "TUR Cup"]
[Site "Antalya"]
[Date "2017.02.04"]
[Round "11"]
[White "Aytekin, Murat Eren"]
[Black "Yarar, Muammer Atakan"]
[Result "0-1"]
[WhiteElo "2023"]
[BlackElo "1805"]
[PlyCount "102"]
[EventDate "2017.01.28"]
[EventType "swiss"]
[EventRounds "11"]
[EventCountry "TUR"]
[SourceTitle "CBM 176 Extra"]
[Source "ChessBase"]
[SourceDate "2017.03.02"]
[SourceVersion "1"]
[SourceVersionDate "2017.03.02"]
[SourceQuality "1"]

1. d4 Nf6 2. c4 c5 3. d5 b5 4. Qc2 bxc4 5. e4 e6 6. Bxc4 exd5 7. exd5 g6 8. Qe2+ Qe7 9. Nc3 Qxe2+ 10. Ngxe2 Ba6 11. Bxa6 Nxa6 12. Bf4 d6 13. 0-0-0 Nh5 14. Bg5 h6 15. Bh4 Be7 16. Bxe7 Kxe7 17. Rhe1 Kd7 18. Ng3 Nf6 19. Nge4 Ne8 20. Re2 f5 21. Nd2 Ng7 22. Nc4 Nc7 23. Kc2 Rhe8 24. Rxe8 Ngxe8 25. a3 Nf6 26. f3 Re8 27. Kb3 Rb8+ 28. Ka4 Re8 29. b4 cxb4 30. axb4 Rb8 31. b5 Nfe8 32. Ka5 Nf6 33. Ne3 Re8 34. Nc2 Kc8 35. b6 axb6+ 36. Kxb6 Kd7 37. Kb7 Re5 38. f4 Re8 39. Rd3 Ne4 40. Na4 Nc5+ 41. Nxc5+ dxc5 42. Na3 Re4 43. d6 Rb4+ 44. Ka7 Nb5+ 45. Nxb5 Rxb5 46. Rd2 c4 47. Ka6 c3 48. Rd4 Rc5 49. Rd1 c2 50. Rc1 Kxd6 51. Kb6 Kd5 0-1

[Event "TUR Cup"]
[Site "Antalya"]
[Date "2017.02.02"]
[Round "9"]
[White "Aytekin, Murat Eren"]
[Black "Kilic, Efe Mert"]
[Result "0-1"]
[WhiteElo "2023"]
[BlackElo "2202"]
[PlyCount "34"]
[EventDate "2017.01.28"]
[EventType "swiss"]
[EventRounds "11"]
[EventCountry "TUR"]
[SourceTitle "CBM 176 Extra"]
[Source "ChessBase"]
[SourceDate "2017.03.02"]
[SourceVersion "1"]
[SourceVersionDate "2017.03.02"]
[SourceQuality "1"]

1. d4 Nf6 2. c4 e6 3. Nf3 d5 4. Nc3 Bb4 5. cxd5 exd5 6. Bg5 0-0 7. Qb3 c5 8. e3 Nbd7 9. Bb5 Qa5 10. Bxd7 Bxd7 11. Bxf6 Ba4 12. Qxd5 Bxc3+ 13. Kf1 Qb5+ 14. Kg1 Qxb2 15. h4 gxf6 16. Rf1 cxd4 17. exd4 Bc6 0-1

[Event "TUR Cup"]
[Site "Antalya"]
[Date "2017.01.28"]
[Round "1"]
[White "Uyanik, Mehmet"]
[Black "Aytekin, Murat Eren"]
[Result "0-1"]
[WhiteElo "1582"]
[BlackElo "2023"]
[PlyCount "32"]
[EventDate "2017.01.28"]
[EventType "swiss"]
[EventRounds "11"]
[EventCountry "TUR"]
[SourceTitle "CBM 176 Extra"]
[Source "ChessBase"]
[SourceDate "2017.03.02"]
[SourceVersion "1"]
[SourceVersionDate "2017.03.02"]
[SourceQuality "1"]

1. e4 c5 2. Nf3 e6 3. d4 cxd4 4. Nxd4 a6 5. Nc3 b5 6. a3 Bb7 7. Be3 Qc7 8. Bd3 Nf6 9. 0-0 d6 10. f4 Nbd7 11. f5 e5 12. Nb3 Nc5 13. Nd5 Bxd5 14. exd5 Nxd3 15. Qxd3 Rc8 16. Rfd1 Qc4 0-1